000 00959nam2a22002531 4500
001 RU\NLR\INFOCOMM15\5000214807
005 20250617113856.0
035 _a(NLR Aleph) 002578402
090 _a3253060
_c3253060
100 _a20041020d1968 |||y0rusy50 ca
101 0 _arus
_aeng
102 _aRU
105 _ay ||||000|y
200 1 _aФункциональные методы и решение некоторых моделей квантовой теории поля
_e041 - теоретическая и математическая физики
_fБ.М. Барбашов
210 _d1968
_aБ. м.
461 0 _1001RU\NLR\INFOCOMM15\1000176112
_12001#$aИздания$fОбъедин. ин-т ядерных исследований$v2-3815
700 1 _aБарбашов
_bБ.М.
_4070
801 1 _aRU
_bInfoComm
_c20041112
801 0 _aRU
_bNLR
_gPSBO
852 _aNLR
_jП11/2061
942 _cISSUE
980 _aNB
980 _aRUSPER